000 00468nmm a2200157Ia 4500
008 251105s9999||||xx |||||||||||||||||und||
020 _a9788496831513
041 _aspa
100 _aTyras, Georges
245 0 _aMemoria y resistencia: El maquis literario de Alfons Cervera
264 _a[Madrid, España] :
_bMontesinos,
_c2007
300 _a238 páginas
650 _aSpanish literature
856 _uhttps://public.digitaliapublishing.com/a/60123
942 _cCF
999 _c90147
_d90147